OECD regions at a glance
| Autor Corporativo: | |
|---|---|
| Formato: | Electrónico Seriadas |
| Lenguaje: | inglés |
| Publicado: |
Paris, France :
OECD
|
| Materias: | |
| Acceso en línea: | Full text available from Research Library: 01/01/2011 to 12/31/2011 Full text available from Research Library: 01/01/2013 to 12/31/2013 Full text available from Research Library: 01/01/2016 to 01/31/2016 |
MARC
| LEADER | 00000nas a2200000 a 4500 | ||
|---|---|---|---|
| 001 | ssj0000399110 | ||
| 003 | WaSeSS | ||
| 005 | 20200512172242.0 | ||
| 006 | m d | ||
| 007 | cr n | ||
| 008 | 080107c20059999fr gr sss 0 0eng c | ||
| 010 | |a 2009233027 | ||
| 022 | |y 1999-0049 | ||
| 035 | |a (WaSeSS)ssj0000399110 | ||
| 040 | |a OUN |b eng |c OUN |d GUA |d OCLCE |d OCLCQ |d OCLCO |d OCLCF |d OCLCO |d OCL |d OCLCQ |d OCLCA |d VT2 |d WaSeSS | ||
| 042 | |a pcc | ||
| 050 | 1 | 4 | |a HC59.15 |
| 245 | 0 | 0 | |a OECD regions at a glance |h [electronic resource]. |
| 246 | 3 | 0 | |a Regions at a glance |
| 246 | 3 | |a Organisation for Economic Co-operation and Development regions at a glance | |
| 260 | |a Paris, France : |b OECD | ||
| 310 | |a Biennial | ||
| 362 | 1 | |a Began with 2005. | |
| 506 | |a License restrictions may limit access. | ||
| 588 | |a Description based on: 2005; title from pdf image of cover (Source OECD, viewed May 28, 2009). | ||
| 588 | |a Latest issue consulted: 2009 (viewed May 28, 2009). | ||
| 650 | 7 | |a Economic history. |2 fast |0 (OCoLC)fst00901974 | |
| 650 | 7 | |a Social conditions |2 fast |0 (OCoLC)fst01919811 | |
| 651 | 0 | |a OECD countries |x Economic conditions |v Periodicals. | |
| 651 | 0 | |a OECD countries |x Social conditions |v Periodicals. | |
| 651 | 6 | |a Pays de l'Organisation de coopération et de développement économiques |x Conditions économiques |v Périodiques. | |
| 651 | 6 | |a Pays de l'Organisation de coopération et de développement économiques |x Conditions sociales |v Périodiques. | |
| 651 | 7 | |a OECD countries. |2 fast |0 (OCoLC)fst01277092 | |
| 655 | 0 | |a Electronic journals. | |
| 710 | 2 | |a Organisation for Economic Co-operation and Development. | |
| 775 | 0 | 8 | |i Also issued in French: |t Panorama des régions de l' OCDE |
| 776 | 0 | 8 | |i Print version: |t OECD regions at a glance |w (DLC) 2007242243 |w (OCoLC)145505663 |
| 856 | 4 | 0 | |z Full text available from Research Library: 01/01/2011 to 12/31/2011 |u https://search.proquest.com/publication/2026451 |
| 856 | 4 | 0 | |z Full text available from Research Library: 01/01/2013 to 12/31/2013 |u https://search.proquest.com/publication/2026451 |
| 856 | 4 | 0 | |z Full text available from Research Library: 01/01/2016 to 01/31/2016 |u https://search.proquest.com/publication/2026451 |